| 000 | 00558nam a2200193 a 4500 | ||
|---|---|---|---|
| 001 | 000025767 | ||
| 005 | 20200930024032.0 | ||
| 008 | 110222s1999 dr 000 0 spa d | ||
| 040 |
_aDO-SdBNP _bspa _cBNPHU |
||
| 082 |
_axxx _bR969 |
||
| 100 | 1 |
_aRussin _952565 |
|
| 245 | 1 | 0 |
_aColoquios jurídicos / _cRussin, Vecchi, Heredia Bonetti. |
| 260 |
_aSanto Domingo : _bUniversidad Apec, _c1999. |
||
| 300 |
_a75 p. ; _c22 cm. |
||
| 500 | _aIncluye notas al pie de las páginas | ||
| 700 | 1 |
_aVecchi _952566 |
|
| 700 | 1 |
_aHeredia Bonetti _952567 |
|
| 049 | _aBNPD | ||
| 999 |
_c25259 _d25259 |
||